Aprendizaje humano

Saved in:
Bibliographic Details
Main Author: Ormond, Jeanne Ellis (autora)
Format: Book
Language:Spanish
Published: Madrid Perason Educación 2005
Edition:1a. ed
Subjects:
Tags: Add Tag
No Tags, Be the first to tag this record!

MARC

LEADER 00000cam a2200000 a 4500
001 UCI3587
003 CL-VaPUC
008 071116e20050000SP |||||||||||||||||spa|d
020 |a 8420545236 
082 0 4 |a 370.15  |b ORM  |2 21 
100 |a Ormond, Jeanne Ellis  |e autora  |9 524979 
245 1 0 |a Aprendizaje humano 
250 |a 1a. ed 
300 |a 694 p 
942 |c BK 
945 |d 20071116 00:00:00  |a jtorresc 
260 |a Madrid  |b Perason Educación  |c 2005 
500 |a 1a edición en español de la 4a edición en inglés 
650 0 |a Psicología del aprendizaje  |9 306854 
650 0 |a Psicología aplicada   |9 270762 
583 |a last modification  |c 20160621 09:47:06  |k Rodrigo Vera 
999 |c 327731  |d 327729 
952 |0 0  |1 0  |4 0  |6 370_150000000000000_ORM_2005  |7 0  |8 A  |9 411104  |a BIBMAT  |b BIBMAT  |c E_DIDACT  |d 2019-11-22  |i 4389883  |o 370.15 ORM 2005  |p 4389883  |r 2025-01-07  |w 2019-11-22  |y BK  |k MAT 
952 |0 0  |1 0  |3 erb  |4 0  |6 370_150000000000000_ORM_2005  |7 0  |8 A  |9 411105  |a BIBING  |b BIBING  |i 5264960  |o 370.15 ORM 2005  |p 5264960  |r 2025-01-20  |w 2019-11-22  |y BK  |z Catalogado en:20160303  |k EII 
952 |0 0  |1 0  |3 erb  |4 0  |6 370_150000000000000_ORM_2005  |7 0  |8 A  |9 411106  |a BIBING  |b BIBING  |i 5294649  |o 370.15 ORM 2005  |p 5294649  |r 2025-01-20  |w 2019-11-22  |y BK  |z Catalogado en:20160623  |k EII